[Event "Scarborough CC Spring Into Summer U1700"]
[Site "Toronto"]
[Date "2011.06.30"]
[Round "9"]
[White "Farhang, Arvin"]
[Black "Arjavkumar, Joshi"]
[Result "1-0"]
[WhiteElo "1606"]
[BlackElo "1100"]
[PlyCount "40"]
[EventDate "2011.04.28"]
[EventType "swiss"]
[EventRounds "9"]
[EventCountry "CAN"]
[SourceTitle "EXT 2022"]
[Source "ChessBase"]
[SourceDate "2021.10.06"]
[SourceVersion "1"]
[SourceVersionDate "2021.10.06"]
[SourceQuality "1"]

1. d4 Nf6 2. c4 g6 3. Nc3 Bg7 4. e4 d6 5. Nf3 0-0 6. Be2 e6 7. 0-0 b6 8. Bg5 Nbd7 9. e5 dxe5 10. dxe5 Bb7 11. exf6 Bxf6 12. Bxf6 Nxf6 13. Ne5 Qe7 14. Qd4 Rad8 15. Qh4 Rd2 16. Qh6 Kh8 17. Qxd2 Ng4 18. Bxg4 Rd8 19. Qe3 Qh4 20. Qg3 Qg5 1-0

[Event "Scarborough CC Spring Into Summer U1700"]
[Site "Toronto"]
[Date "2011.06.09"]
[Round "6"]
[White "Arjavkumar, Joshi"]
[Black "Philip, Andrew"]
[Result "0-1"]
[WhiteElo "1100"]
[BlackElo "1596"]
[PlyCount "100"]
[EventDate "2011.04.28"]
[EventType "swiss"]
[EventRounds "9"]
[EventCountry "CAN"]
[SourceTitle "EXT 2022"]
[Source "ChessBase"]
[SourceDate "2021.10.06"]
[SourceVersion "1"]
[SourceVersionDate "2021.10.06"]
[SourceQuality "1"]

1. e4 d5 2. e5 c5 3. f4 Nc6 4. Nf3 Bg4 5. Be2 e6 6. 0-0 Nh6 7. c3 Be7 8. d4 cxd4 9. cxd4 Nf5 10. Bb5 Qb6 11. Qa4 Bxf3 12. Bxc6+ bxc6 13. Rxf3 Qxd4+ 14. Qxd4 Nxd4 15. Rf2 0-0 16. Be3 Nf5 17. Re2 Nxe3 18. Rxe3 Bc5 19. Kf2 Rab8 20. b3 Bxe3+ 21. Kxe3 c5 22. Nd2 g6 23. g4 Rfc8 24. Rc1 Rb4 25. a3 Rb6 26. h4 a5 27. f5 gxf5 28. gxf5 exf5 29. h5 Rh6 30. Rh1 Kh8 31. Kf4 Rg8 32. Kxf5 Rg2 33. Nf3 Rf2 34. Kg4 Rg2+ 35. Kf4 Rb2 36. Ng5 Kg8 37. Rh3 c4 38. bxc4 dxc4 39. Rg3 Rb3 40. Rg4 Kf8 41. Ne4 c3 42. Nf6 Rxf6+ 43. exf6 c2 44. Ke5 c1Q 45. Rd4 Rb5+ 46. Ke4 Qc6+ 47. Kf4 Qxf6+ 48. Ke4 Qe5+ 49. Kd3 Rd5 50. Rxd5 Qxd5+ 0-1

[Event "Scarborough CC Spring Into Summer U1700"]
[Site "Toronto"]
[Date "2011.05.19"]
[Round "3"]
[White "Liu, Peter"]
[Black "Arjavkumar, Joshi"]
[Result "0-1"]
[WhiteElo "1332"]
[BlackElo "1100"]
[PlyCount "62"]
[EventDate "2011.04.28"]
[EventType "swiss"]
[EventRounds "9"]
[EventCountry "CAN"]
[SourceTitle "EXT 2022"]
[Source "ChessBase"]
[SourceDate "2021.10.06"]
[SourceVersion "1"]
[SourceVersionDate "2021.10.06"]
[SourceQuality "1"]

1. e4 e5 2. Nf3 Nc6 3. Bb5 d6 4. 0-0 Bg4 5. h3 Bh5 6. d3 Nf6 7. Bg5 Be7 8. Nbd2 0-0 9. Qc1 a6 10. Bxc6 bxc6 11. d4 Nd7 12. Bxe7 Qxe7 13. c4 f5 14. Qc3 f4 15. Nb3 Bxf3 16. Qxf3 Rf6 17. d5 cxd5 18. cxd5 Raf8 19. Rac1 Qd8 20. Na5 Nb8 21. Nc6 Nxc6 22. Rxc6 Qc8 23. Qd3 f3 24. g3 Qxh3 25. Qxf3 Rxf3 26. Rc3 h5 27. a4 h4 28. Rxf3 Rxf3 29. gxh4 Qxh4 30. Kg2 Qg4+ 31. Kh1 Rh3# 0-1